[Event "26. LSS No Engine Cup Preliminary 5"]
[Site "Lechenicher SchachServer"]
[Date "2010.08.09"]
[Round "?"]
[White "Tobey, Al"]
[Black "Tanti, Joseph"]
[Result "0-1"]
[WhiteElo "632"]
[BlackElo "1646"]
[PlyCount "58"]
[EventDate "2010.08.10"]

1. e4 e5 2. Nf3 Nc6 3. c3 Nf6 4. d3 d5 5. Bg5 dxe4 6. Nfd2 exd3 7. Ne4 Bf5 8.
Nbd2 h6 9. Bxf6 gxf6 10. Ng3 Bh7 11. Qa4 Bc5 12. Nge4 Bb6 13. O-O-O f5 14. Ng3
Bxf2 15. Nc4 Qg5+ 16. Nd2 O-O-O 17. Qc4 Bg8 18. Bxd3 f6 19. Bxf5+ Kb8 20. Qg4
Bxa2 21. Qxg5 hxg5 22. Nde4 Bxg3 23. Nxg3 Rxd1+ 24. Rxd1 Rxh2 25. Be4 Be6 26.
Rf1 f5 27. Nxf5 a5 28. Ng7 Bc4 29. Nf5 Bxf1 0-1

[Event "26. LSS No Engine Cup Preliminary 1"]
[Site "Lechenicher SchachServer"]
[Date "2010.08.09"]
[Round "?"]
[White "Molano, Ismael"]
[Black "Onem, Cem"]
[Result "0-1"]
[WhiteElo "1354"]
[BlackElo "1797"]
[PlyCount "82"]
[EventDate "2010.08.10"]
[SourceTitle "OM Corr 202003"]
[Source "Opening Master"]
[SourceDate "2019.05.30"]
[SourceVersion "2"]
[SourceVersionDate "2019.05.30"]
[SourceQuality "1"]

1. e4 e5 2. Nf3 Nc6 3. c3 Nf6 4. d4 Qe7 5. d5 Nb8 6. Bd3 g6 7. Na3 d6 8. Qa4+
Nbd7 9. Be3 Ng4 10. Nb5 Qd8 11. Bg5 f6 12. Bh4 Bg7 13. b4 O-O 14. Na3 Nb6 15.
Qc2 a5 16. b5 Nd7 17. h3 Nh6 18. O-O b6 19. Nc4 Nc5 20. Be2 Qe8 21. Ne3 Bd7 22.
a4 g5 23. Bg3 Qg6 24. Nd2 f5 25. exf5 Nxf5 26. Bg4 Nxe3 27. Qxg6 hxg6 28. fxe3
Rxf1+ 29. Kxf1 Bf5 30. Ke1 Bxg4 31. hxg4 e4 32. Ra3 Nd7 33. c4 Nf6 34. Ke2 Re8
35. Rb3 Nxg4 36. Rb1 Nf6 37. Rh1 Nd7 38. Nb3 Bf6 39. Be1 Kg7 40. Bg3 g4 41. Rf1
g5 0-1

[Event "Festivalul Hermannstadt - Seniori"]
[Site "?"]
[Date "2010.08.08"]
[Round "?"]
[White "Tudose, Cristian"]
[Black "Damian, Pavel"]
[Result "1-0"]
[WhiteElo "1776"]
[BlackElo "2000"]
[PlyCount "51"]
[EventDate "2010.??.??"]
[SourceTitle "OM OTB B 201907"]
[Source "Opening Master"]
[SourceDate "2019.07.06"]
[SourceVersion "2"]
[SourceVersionDate "2019.07.06"]
[SourceQuality "1"]

1. e4 e5 2. Nf3 Nc6 3. c3 d5 4. Bb5 Qd6 5. d4 exd4 6. Qxd4 dxe4 7. Qxe4+ Nge7
8. Bf4 Qd5 9. Bxc6+ bxc6 10. Nbd2 Bf5 11. Qe3 Qb5 12. a4 Qd3 13. Qxd3 Bxd3 14.
Bxc7 Nd5 15. Bg3 f6 16. Nb3 Kd7 17. O-O-O Ba6 18. Rhe1 Bd6 19. Bxd6 Kxd6 20.
Na5 Kc7 21. Nd4 Nf4 22. Ne6+ Nxe6 23. Rxe6 Kb6 24. Rxc6+ Kxa5 25. Rdd6 Bb5 26.
axb5 1-0

[Event "Tabor op"]
[Site "Tabor"]
[Date "2010.08.07"]
[Round "8"]
[White "Lizner, Milan"]
[Black "Cap, Adam"]
[Result "0-1"]
[WhiteElo "2086"]
[BlackElo "1693"]
[PlyCount "89"]
[EventDate "2010.08.01"]
[EventType "swiss"]
[EventRounds "9"]
[EventCountry "CZE"]
[SourceTitle "EXT 2012"]
[Source "ChessBase"]
[SourceDate "2011.11.24"]
[SourceVersion "1"]
[SourceVersionDate "2011.11.24"]
[SourceQuality "1"]

1. e4 e5 2. Nf3 Nc6 3. c3 Nf6 4. d4 d6 5. h3 Be7 6. d5 Nb8 7. Bd3 O-O 8. O-O
Nbd7 9. b4 c5 10. dxc6 bxc6 11. Re1 Qc7 12. Bg5 Re8 13. Nbd2 d5 14. Qb3 Bb7 15.
c4 d4 16. c5 a5 17. Bc4 Rf8 18. a3 h6 19. Bh4 Bd8 20. g4 a4 21. Qd1 Nh7 22. Bg3
Ng5 23. Nxg5 Bxg5 24. Nf3 Bf6 25. Nxd4 Nxc5 26. bxc5 Rfd8 27. Ne6 fxe6 28.
Bxe6+ Kh8 29. Qc2 Qe7 30. Ba2 Rd4 31. Red1 Rad8 32. Rxd4 Rxd4 33. Rb1 Qd7 34.
f4 exf4 35. Bxf4 Bg5 36. Bxg5 hxg5 37. e5 Rd2 38. Qc4 Rd1+ 39. Rxd1 Qxd1+ 40.
Kf2 Qd2+ 41. Kf3 Qd1+ 42. Ke4 Qe1+ 43. Kf5 Qf2+ 44. Kxg5 Qd2+ 45. Qf4 0-1

[Event "Olomouc Seniors op"]
[Site "Olomouc"]
[Date "2010.08.07"]
[Round "4"]
[White "Kearsley, Raymond J"]
[Black "Golcman, Evgeny"]
[Result "0-1"]
[WhiteElo "1871"]
[BlackElo "2270"]
[PlyCount "51"]
[EventDate "2010.08.04"]
[EventType "swiss"]
[EventRounds "9"]
[EventCountry "CZE"]
[SourceTitle "CBM 137 Extra"]
[Source "ChessBase"]
[SourceDate "2010.09.01"]
[SourceVersion "1"]
[SourceVersionDate "2010.09.01"]
[SourceQuality "1"]

1. e4 e5 2. Nf3 Nc6 3. c3 Nf6 4. d4 Qe7 5. Bd3 d6 6. O-O g6 7. d5 Nd8 8. c4 Bg7
9. h3 O-O 10. Be3 Ne8 11. Nc3 f5 12. Bg5 Nf6 13. exf5 gxf5 14. Bc2 Nf7 15. Be3
Nh6 16. Re1 Kh8 17. Qd2 Nfg8 18. Bg5 Qf7 19. Nh4 Bd7 20. b4 Qh5 21. Bd1 Qf7 22.
Rc1 f4 23. Ne4 Nf5 24. Nxf5 Bxf5 25. f3 Qh5 26. Qf2 0-1

[Event "Politiken Cup 32nd"]
[Site "Copenhagen"]
[Date "2010.08.06"]
[Round "8"]
[White "Bach, Matthias"]
[Black "Andreassen, Mikkel"]
[Result "1-0"]
[WhiteElo "2303"]
[BlackElo "1968"]
[PlyCount "57"]
[EventDate "2010.07.31"]
[EventType "swiss"]
[EventRounds "10"]
[EventCountry "DEN"]
[SourceTitle "CBM 137 Extra"]
[Source "ChessBase"]
[SourceDate "2010.09.01"]
[SourceVersion "1"]
[SourceVersionDate "2010.09.01"]
[SourceQuality "1"]

1. e4 e5 2. Nf3 Nc6 3. c3 Nf6 4. d4 Nxe4 5. Bb5 exd4 6. O-O Be7 7. Re1 d5 8. c4
Nd6 9. Bxc6+ bxc6 10. Nxd4 Bd7 11. cxd5 c5 12. Nb3 c4 13. Nd4 O-O 14. Bd2 Bf6
15. Bc3 Re8 16. Na3 Rb8 17. Qf3 Bxd4 18. Bxd4 Qg5 19. Rxe8+ Rxe8 20. Bxa7 Bg4
21. Be3 Qg6 22. Qf4 h6 23. Kh1 Re4 24. Qg3 Qf6 25. Rg1 h5 26. Bc5 Qxb2 27. Bxd6
cxd6 28. f3 Re3 29. Nxc4 1-0

[Event "ZL-2010-0-00747"]
[Site "Lechenicher SchachServer"]
[Date "2010.08.06"]
[Round "?"]
[White "Molano, Ismael"]
[Black "Potemri, Stefan"]
[Result "0-1"]
[WhiteElo "1322"]
[BlackElo "1405"]
[PlyCount "82"]
[EventDate "2010.07.26"]
[SourceTitle "OM Corr 202003"]
[Source "Opening Master"]
[SourceDate "2019.05.30"]
[SourceVersion "2"]
[SourceVersionDate "2019.05.30"]
[SourceQuality "1"]

1. e4 e5 2. Nf3 Nc6 3. c3 Nf6 4. d4 d5 5. Bb5 exd4 6. Nxd4 Bd7 7. exd5 Nxd5 8.
O-O Be7 9. Bxc6 bxc6 10. c4 Nf6 11. Qf3 O-O 12. Nxc6 Bxc6 13. Qxc6 Qd3 14. Nc3
Bd6 15. Rd1 Qf5 16. h3 Rab8 17. Nb5 Bc5 18. Nd4 Qh5 19. Nf3 Rfe8 20. b3 Bb6 21.
Bb2 Re6 22. Qa4 Ne4 23. Bd4 Rg6 24. Kf1 Rf8 25. Bxb6 axb6 26. Rd5 Qh6 27. Qa7
Qf4 28. Rad1 Nxf2 29. Kxf2 Qg3+ 30. Ke3 Qxg2 31. Qxc7 Rf6 32. Nd4 Rh6 33. Ne2
Re6+ 34. Kd4 Qxe2 35. Kc3 Qxa2 36. Rd8 Qa5+ 37. Kc2 Re2+ 38. R1d2 Qa2+ 39. Kc3
Rxd2 40. Rxd2 Qa5+ 41. Kc2 Re8 0-1

[Event "Politiken Cup 32nd"]
[Site "Copenhagen"]
[Date "2010.08.05"]
[Round "7"]
[White "Kyrkjebo, Eirik"]
[Black "Andreassen, Mikkel"]
[Result "0-1"]
[WhiteElo "1770"]
[BlackElo "1968"]
[PlyCount "48"]
[EventDate "2010.07.31"]
[EventType "swiss"]
[EventRounds "10"]
[EventCountry "DEN"]
[SourceTitle "CBM 137 Extra"]
[Source "ChessBase"]
[SourceDate "2010.09.01"]
[SourceVersion "1"]
[SourceVersionDate "2010.09.01"]
[SourceQuality "1"]

1. e4 e5 2. Nf3 Nc6 3. c3 Nf6 4. d4 Nxe4 5. d5 Nb8 6. Nxe5 Qf6 7. Nd3 Be7 8.
Be2 O-O 9. O-O d6 10. Be3 c5 11. f3 Ng5 12. h4 Nh3+ 13. gxh3 Qxh4 14. Nf4 Bxh3
15. Nxh3 Qg3+ 16. Kh1 Qxh3+ 17. Kg1 Bh4 18. Bf2 Bg5 19. Qa4 f5 20. f4 b5 21.
Bxb5 Qg4+ 22. Kh1 Bxf4 23. Re1 Qh3+ 24. Kg1 Bh2+ 0-1

[Event "Vladivostok op-B"]
[Site "Vladivostok"]
[Date "2010.08.04"]
[Round "1"]
[White "Borodinov, Dmitri"]
[Black "Pogosyan, Yuriy"]
[Result "1-0"]
[WhiteElo "2146"]
[BlackElo "1748"]
[PlyCount "89"]
[EventDate "2010.08.04"]
[EventType "swiss"]
[EventRounds "9"]
[EventCountry "RUS"]
[SourceTitle "EXT 2011"]
[Source "ChessBase"]
[SourceDate "2010.11.26"]
[SourceVersion "1"]
[SourceVersionDate "2010.11.26"]
[SourceQuality "1"]

1. e4 e5 2. Nf3 Nc6 3. c3 Nf6 4. d4 exd4 5. e5 Nd5 6. cxd4 d6 7. Bb5 Bd7 8. Qb3
Nb6 9. Nc3 dxe5 10. dxe5 Be7 11. O-O Be6 12. Qc2 O-O 13. Qe4 Bd5 14. Nxd5 Qxd5
15. Qxd5 Nxd5 16. Bxc6 bxc6 17. Bd2 Rab8 18. b3 Bb4 19. Bxb4 Nxb4 20. Rfc1 Rfe8
21. Rc3 Red8 22. g3 Kf8 23. Rc4 Ke8 24. e6 fxe6 25. Ng5 Ke7 26. a3 h6 27. axb4
hxg5 28. Rxa7 Rd7 29. Rxc6 Rxb4 30. Rcxc7 Rxc7 31. Rxc7+ Kf6 32. Rc3 Kf5 33. h3
e5 34. Kg2 Ke4 35. Rc4+ Rxc4 36. bxc4 Kd4 37. Kf3 e4+ 38. Kg4 Kxc4 39. Kxg5 Kd3
40. Kf4 g5+ 41. Kf5 Ke2 42. Kxe4 Kxf2 43. g4 Kg3 44. Kf5 Kh4 45. Kf6 1-0

[Event "RE-2010-0-00042"]
[Site "Lechenicher SchachServer"]
[Date "2010.08.03"]
[Round "?"]
[White "Molano, Ismael"]
[Black "Matugin, Sergei"]
[Result "0-1"]
[WhiteElo "1307"]
[BlackElo "1727"]
[PlyCount "50"]
[EventDate "2010.04.03"]
[SourceTitle "OM Corr 202003"]
[Source "Opening Master"]
[SourceDate "2019.05.30"]
[SourceVersion "2"]
[SourceVersionDate "2019.05.30"]
[SourceQuality "1"]

1. e4 e5 2. Nf3 Nc6 3. c3 d5 4. Qa4 f6 5. d3 Nge7 6. Be2 Be6 7. O-O a6 8. Be3
Qd7 9. Nbd2 O-O-O 10. Rfe1 d4 11. cxd4 exd4 12. Bf4 g5 13. Bg3 h5 14. h4 g4 15.
Nh2 Kb8 16. b4 Nc8 17. a3 Nd6 18. Rac1 Nb5 19. Nhf1 Nc3 20. Qc2 a5 21. Nb3 axb4
22. axb4 Bxb4 23. Ra1 f5 24. exf5 Bxb3 25. Qxb3 Rhe8 0-1

[Event "Tournament (Elo)"]
[Site "Kineshma (Russia)"]
[Date "2010.08.02"]
[Round "2"]
[White "Kruglov, Evgeny"]
[Black "Lebedenko, Olga"]
[Result "0-1"]
[WhiteElo "1753"]
[BlackElo "1959"]
[PlyCount "92"]
[EventDate "2010.??.??"]
[EventRounds "11"]
[SourceTitle "OM OTB B 201907"]
[Source "Opening Master"]
[SourceDate "2019.07.06"]
[SourceVersion "2"]
[SourceVersionDate "2019.07.06"]
[SourceQuality "1"]

1. e4 e5 2. Nf3 Nc6 3. c3 Nf6 4. Qc2 d5 5. d3 Bg4 6. Nbd2 Bd6 7. h3 Bh5 8. a3
a5 9. g3 dxe4 10. dxe4 a4 11. Bg2 Bc5 12. O-O O-O 13. Nc4 Qe7 14. Bg5 Qe6 15.
Ncd2 h6 16. Bxf6 Qxf6 17. Nh4 Be2 18. Nf5 Bxf1 19. Rxf1 Rfd8 20. Kh2 Ne7 21. b4
axb3 22. Nxb3 Bxa3 23. f4 Nxf5 24. exf5 exf4 25. Rxf4 Bd6 26. Rf3 Ra7 27. Nd2
Rda8 28. Ne4 Qe5 29. f6 g6 30. Nxd6 Qxd6 31. Qc1 Kh7 32. h4 Qe5 33. Qb1 Ra4 34.
Kh3 R8a7 35. Qb3 Kg8 36. Qd1 Ra8 37. Qd2 R4a6 38. Qxh6 Rxf6 39. Re3 Qb5 40. Re7
Rf2 41. Be4 Qb2 42. Bxg6 Rh2+ 43. Kg4 Ra4+ 44. Be4 Qe2+ 45. Kf5 Rf2+ 46. Kg5
Ra5+ 0-1

[Event "RE-2010-0-00041"]
[Site "Lechenicher SchachServer"]
[Date "2010.08.02"]
[Round "?"]
[White "Molano, Ismael"]
[Black "Puleston, Tim"]
[Result "1-0"]
[WhiteElo "1307"]
[BlackElo "1135"]
[PlyCount "85"]
[EventDate "2010.03.10"]

1. e4 e5 2. Nf3 Nc6 3. c3 d5 4. Qa4 Qd6 5. d3 Bd7 6. Qc2 Nf6 7. Bg5 Be7 8. Be2
O-O 9. O-O Nd8 10. d4 Nxe4 11. Bxe7 Qxe7 12. Nxe5 Bf5 13. Bd3 f6 14. Nf3 Nf7
15. Re1 Nfd6 16. Nbd2 Rfe8 17. Nh4 Be6 18. Nxe4 dxe4 19. Bxe4 Nxe4 20. Qxe4 c6
21. Nf3 Qf7 22. a3 Rad8 23. Qf4 Rd7 24. Re4 Rde7 25. Rae1 Bd5 26. Rxe7 Rxe7 27.
Qb8+ Qf8 28. Qxf8+ Kxf8 29. Rxe7 Kxe7 30. Nd2 b5 31. f3 Ke6 32. Kf2 h5 33. Ne4
g5 34. Nc5+ Kf5 35. Ke3 g4 36. Na6 gxf3 37. gxf3 Kg5 38. Nb4 Kh4 39. Nxd5 cxd5
40. b3 Kh3 41. c4 bxc4 42. bxc4 Kxh2 43. cxd5 1-0

[Event "RE-2010-0-00041"]
[Site "Lechenicher SchachServer"]
[Date "2010.08.02"]
[Round "?"]
[White "Molano, Ismael"]
[Black "Potemri, Stefan"]
[Result "1/2-1/2"]
[WhiteElo "1307"]
[BlackElo "1450"]
[PlyCount "103"]
[EventDate "2010.03.10"]
[SourceTitle "OM Corr 202003"]
[Source "Opening Master"]
[SourceDate "2019.05.30"]
[SourceVersion "2"]
[SourceVersionDate "2019.05.30"]
[SourceQuality "1"]

1. e4 e5 2. Nf3 Nc6 3. c3 Nf6 4. d4 d5 5. Bb5 exd4 6. Nxd4 Bd7 7. exd5 Nxd4 8.
Bxd7+ Qxd7 9. Qxd4 Qxd5 10. Qe3+ Be7 11. O-O Kf8 12. Re1 Re8 13. Qxa7 Bc5 14.
Rxe8+ Nxe8 15. Qa4 Qh5 16. Nd2 Qe2 17. Qf4 Nf6 18. Nf1 Qc2 19. Qd2 Qxd2 20.
Bxd2 Ng4 21. Be3 Nxe3 22. Nxe3 Bxe3 23. fxe3 Ke7 24. Rd1 Ra8 25. a3 c5 26. Kf2
b6 27. e4 f6 28. Rd5 Ke6 29. h4 h6 30. Ke3 Ra5 31. h5 Ra8 32. g4 Ke7 33. c4 Ra4
34. Kd3 Ra8 35. e5 fxe5 36. Rxe5+ Kd6 37. Rf5 Ke6 38. Rd5 Rf8 39. Rf5 Rd8+ 40.
Ke3 Rd4 41. Rf4 Rd1 42. Rf8 Rb1 43. Rf2 Rc1 44. Kd3 Rd1+ 45. Rd2 Rg1 46. Re2+
Kf6 47. Re4 Rg3+ 48. Kd2 Rg2+ 49. Kc3 Rg3+ 50. Kc2 Rg2+ 51. Kc1 Rg1+ 52. Kc2
1/2-1/2

[Event "World School-ch U13 6th"]
[Site "Kayseri"]
[Date "2010.07.30"]
[Round "9"]
[White "Deviren, Erdi"]
[Black "Sanal, Vahap"]
[Result "0-1"]
[WhiteElo "1830"]
[BlackElo "2135"]
[PlyCount "68"]
[EventDate "2010.07.21"]
[EventType "swiss"]
[EventRounds "9"]
[EventCountry "TUR"]
[SourceTitle "CBM 137 Extra"]
[Source "ChessBase"]
[SourceDate "2010.09.01"]
[SourceVersion "1"]
[SourceVersionDate "2010.09.01"]
[SourceQuality "1"]

1. e4 e5 2. Nf3 Nc6 3. c3 Nf6 4. d4 d6 5. Bb5 Bd7 6. O-O Be7 7. Re1 O-O 8. h3
a6 9. Ba4 b5 10. Bc2 Re8 11. Nbd2 Bf8 12. Nf1 g6 13. Ng3 Na5 14. b3 h6 15. Be3
c5 16. Qd2 Kh7 17. Rad1 Nc6 18. d5 Na5 19. Nh2 Bg7 20. f4 Nb7 21. Rf1 exf4 22.
Bxf4 Ng8 23. Rde1 Kh8 24. Nf3 Qc7 25. Re2 Re7 26. Ree1 Ree8 27. Re2 Re7 28. e5
dxe5 29. Nxe5 Bxe5 30. Bxe5+ Rxe5 31. Rxf7 Nd6 32. Rxd7 Rxe2 33. Rxc7 Rxd2 34.
Bxg6 Nf6 0-1

[Event "SE-2010-0-00052"]
[Site "Lechenicher SchachServer"]
[Date "2010.07.30"]
[Round "?"]
[White "Molano, Ismael"]
[Black "Quirck, Michael"]
[Result "0-1"]
[WhiteElo "1307"]
[BlackElo "1305"]
[PlyCount "48"]
[EventDate "2010.06.01"]
[SourceTitle "OM Corr 202003"]
[Source "Opening Master"]
[SourceDate "2019.05.30"]
[SourceVersion "2"]
[SourceVersionDate "2019.05.30"]
[SourceQuality "1"]

1. e4 e5 2. Nf3 Nc6 3. c3 d5 4. Qa4 f6 5. d3 Be6 6. Be2 Qd7 7. Be3 Nh6 8. h3
Nf7 9. O-O Rd8 10. Bd1 Be7 11. Nbd2 O-O 12. Bb3 f5 13. exd5 Bxd5 14. g3 Qc8 15.
Bxd5 Rxd5 16. Ne1 f4 17. gxf4 Qxh3 18. Qe4 exf4 19. Bxf4 Rh5 20. Qg2 Ng5 21.
Bh2 Bd6 22. Bxd6 cxd6 23. Qxh3 Nxh3+ 24. Kg2 Nf4+ 0-1

[Event "RE-2010-0-00041"]
[Site "Lechenicher SchachServer"]
[Date "2010.07.30"]
[Round "?"]
[White "Molano, Ismael"]
[Black "Vasquez, Gerardo"]
[Result "0-1"]
[WhiteElo "1307"]
[BlackElo "1571"]
[PlyCount "30"]
[EventDate "2010.03.10"]
[SourceTitle "OM Corr 202003"]
[Source "Opening Master"]
[SourceDate "2019.05.30"]
[SourceVersion "2"]
[SourceVersionDate "2019.05.30"]
[SourceQuality "1"]

1. e4 e5 2. Nf3 Nc6 3. c3 Nf6 4. d4 Nxe4 5. d5 Ne7 6. Nxe5 Ng6 7. Qd4 Nf6 8.
Nxg6 hxg6 9. Bf4 c6 10. d6 Qb6 11. Qe5+ Kd8 12. Bg5 Bxd6 13. Qxd6 Re8+ 14. Kd1
Qxb2 15. Bxf6+ gxf6 0-1

[Event "BUL-ch op (Women) 20th"]
[Site "Vratsa"]
[Date "2010.07.28"]
[Round "5"]
[White "Sirkova, Darena"]
[Black "Naydenova, Yordanka"]
[Result "1-0"]
[WhiteElo "2109"]
[BlackElo "1925"]
[PlyCount "53"]
[EventDate "2010.07.25"]
[EventType "swiss"]
[EventRounds "9"]
[EventCountry "BUL"]
[SourceTitle "CBM 137 Extra"]
[Source "ChessBase"]
[SourceDate "2010.09.01"]
[SourceVersion "1"]
[SourceVersionDate "2010.09.01"]
[SourceQuality "1"]

1. e4 e5 2. Nf3 Nc6 3. c3 Nf6 4. d4 exd4 5. e5 Nd5 6. Qb3 Nb6 7. cxd4 d5 8. Bb5
Be7 9. a4 a6 10. Bxc6+ bxc6 11. a5 Nd7 12. Nc3 Rb8 13. Qc2 O-O 14. h4 Re8 15.
Ne2 c5 16. Ng5 g6 17. e6 Bxg5 18. exd7 Bxd7 19. Bxg5 f6 20. Be3 cxd4 21. Nxd4
Rb4 22. Qc5 Qe7 23. Qxd5+ Kh8 24. Nc6 Bxc6 25. Qxc6 Rxb2 26. O-O Reb8 27. Bd4
1-0

[Event "SE-2010-0-00052"]
[Site "Lechenicher SchachServer"]
[Date "2010.07.26"]
[Round "?"]
[White "Molano, Ismael"]
[Black "Billion, Paul"]
[Result "1-0"]
[WhiteElo "1307"]
[BlackElo "778"]
[PlyCount "41"]
[EventDate "2010.06.01"]

1. e4 e5 2. Nf3 Nc6 3. c3 Nf6 4. d4 d6 5. Bb5 Bd7 6. O-O Be7 7. Re1 O-O 8. d5
Nb8 9. Bxd7 Nbxd7 10. c4 Nc5 11. Nc3 a6 12. b4 Ncd7 13. a3 a5 14. Bb2 b6 15.
Nd2 Qc8 16. Qf3 c5 17. b5 h6 18. Nf1 Nh7 19. Ng3 Ndf6 20. Nf5 Ng5 21. Nxe7+ 1-0

[Event "XXXIV. Sakkfesztivál"]
[Site "Adria"]
[Date "2010.07.25"]
[Round "7"]
[White "Papp, Zsolt"]
[Black "Halak, Miklos"]
[Result "0-1"]
[WhiteElo "2257"]
[BlackElo "2083"]
[PlyCount "114"]
[EventDate "2010.??.??"]
[EventType "tourn"]
[EventCountry "ITA"]
[SourceTitle "OM OTB B 201907"]
[Source "Opening Master"]
[SourceDate "2019.07.06"]
[SourceVersion "2"]
[SourceVersionDate "2019.07.06"]
[SourceQuality "1"]

1. e4 e5 2. Nf3 Nc6 3. c3 Nf6 4. d4 exd4 5. e5 Nd5 6. cxd4 Bb4+ 7. Bd2 Bxd2+ 8.
Qxd2 d6 9. Bb5 O-O 10. Bxc6 bxc6 11. Qc2 Ba6 12. a3 Nf4 13. Qxc6 Nd3+ 14. Kd2
Nxf2 15. Qxa6 Nxh1 16. Ke2 dxe5 17. dxe5 Rb8 18. Nbd2 Rxb2 19. Rxh1 Re8 20. Rd1
f6 21. Qc4+ Kh8 22. Qc3 Qb8 23. Kf1 fxe5 24. Nxe5 Qb5+ 25. Nec4 Rf8+ 26. Kg1
Qc5+ 27. Kh1 Rxd2 28. Qxd2 Qxc4 29. h3 Rf1+ 30. Rxf1 Qxf1+ 31. Kh2 Qf8 32. Qe3
c5 33. Qe5 Qc8 34. Kg1 h6 35. Kf2 c4 36. Qc3 Qc6 37. g3 Kg8 38. Ke3 Qc5+ 39.
Ke4 Kf7 40. Qf3+ Ke7 41. Qc3 Ke6 42. Kf3 g5 43. g4 Qd5+ 44. Kf2 Qd3 45. Qh8
Qd2+ 46. Kf3 Qf4+ 47. Kg2 Kd5 48. Qa8+ Kd4 49. Qxa7+ Kd3 50. Qd7+ Ke2 51. Qe6+
Kd1 52. a4 c3 53. Qb3+ c2 54. a5 Qe4+ 55. Kf2 Kd2 56. Qb2 Qe3+ 57. Kg2 Kd1 0-1

[Event "World School-ch U17 6th"]
[Site "Kayseri"]
[Date "2010.07.25"]
[Round "5"]
[White "Okay, Arda Efe"]
[Black "Komut, Kaan"]
[Result "1-0"]
[WhiteElo "1845"]
[BlackElo "1937"]
[PlyCount "63"]
[EventDate "2010.07.21"]
[EventType "swiss"]
[EventRounds "9"]
[EventCountry "TUR"]
[SourceTitle "CBM 137 Extra"]
[Source "ChessBase"]
[SourceDate "2010.09.01"]
[SourceVersion "1"]
[SourceVersionDate "2010.09.01"]
[SourceQuality "1"]

1. e4 e5 2. Nf3 Nc6 3. c3 d6 4. d4 Bd7 5. Bc4 Be7 6. Qb3 Kf8 7. Bxf7 Na5 8. Qa3
Kxf7 9. Qxa5 b6 10. Qa3 Bf6 11. Be3 h6 12. Nbd2 b5 13. dxe5 dxe5 14. Qc5 g5 15.
Nxe5+ Kg7 16. Qd5 Be8 17. Qxd8 Rxd8 18. Ng4 a5 19. Nxf6 Nxf6 20. f3 Bf7 21. Nb3
a4 22. Nd4 Rb8 23. b4 Rhe8 24. Kf2 Nd7 25. h4 g4 26. Nf5+ Kg6 27. Nxh6 Ne5 28.
Nxf7 Kxf7 29. Bd4 Nc4 30. h5 Kg8 31. Rh4 gxf3 32. gxf3 1-0

[Event "Avoine op 25th"]
[Site "Avoine"]
[Date "2010.07.23"]
[Round "7"]
[White "Merrhein, Xavier"]
[Black "Robert, Thierry"]
[Result "1-0"]
[WhiteElo "1977"]
[BlackElo "1801"]
[PlyCount "79"]
[EventDate "2010.07.17"]
[EventType "swiss"]
[EventRounds "9"]
[EventCountry "FRA"]
[SourceTitle "EXT 2011"]
[Source "ChessBase"]
[SourceDate "2010.11.26"]
[SourceVersion "1"]
[SourceVersionDate "2010.11.26"]
[SourceQuality "1"]

1. e4 e5 2. Nf3 Nc6 3. c3 Nf6 4. d4 exd4 5. e5 Ng4 6. cxd4 Bb4+ 7. Nc3 d6 8. h3
Nh6 9. Bxh6 gxh6 10. Bc4 d5 11. Bb5 Bd7 12. Qb3 Bxc3+ 13. bxc3 Be6 14. O-O-O a6
15. Bd3 b5 16. Qc2 Qe7 17. Bxh7 Qa3+ 18. Kd2 Rxh7 19. Qxh7 Qxa2+ 20. Qc2 Qa5
21. Ra1 Qb6 22. Rhb1 Ne7 23. g3 Ng6 24. Ke3 c5 25. Qd3 Rc8 26. Rc1 c4 27. Qd2
Ne7 28. Nh2 Kd7 29. f4 Kc6 30. f5 Bd7 31. Nf3 Kb7 32. Kf2 Ng8 33. Qa2 Ra8 34.
Qa3 Qc7 35. Qd6 Qxd6 36. exd6 Nf6 37. Ra3 Kb6 38. Ne5 Be8 39. h4 Ne4+ 40. Ke3
1-0

[Event "Senta op-B 14th"]
[Site "Senta"]
[Date "2010.07.22"]
[Round "7"]
[White "Pacal, Mihaly"]
[Black "Sakic, Simeon"]
[Result "1-0"]
[WhiteElo "2145"]
[BlackElo "1969"]
[PlyCount "141"]
[EventDate "2010.07.17"]
[EventType "swiss"]
[EventRounds "9"]
[EventCountry "YUG"]
[SourceTitle "EXT 2011"]
[Source "ChessBase"]
[SourceDate "2010.11.26"]
[SourceVersion "1"]
[SourceVersionDate "2010.11.26"]
[SourceQuality "1"]

1. e4 e5 2. Nf3 Nc6 3. c3 Nf6 4. d4 exd4 5. e5 Nd5 6. Qb3 Nb6 7. cxd4 Bb4+ 8.
Bd2 Bxd2+ 9. Nbxd2 d6 10. Bb5 O-O 11. O-O Bd7 12. exd6 cxd6 13. Qa3 Ne5 14. Be2
Nxf3+ 15. Bxf3 d5 16. Rfe1 Re8 17. Qd6 Be6 18. Qxd8 Raxd8 19. Rac1 Rc8 20. b3
Rxc1 21. Rxc1 Rc8 22. Rc5 Rxc5 23. dxc5 Nd7 24. b4 Ne5 25. Be2 Kf8 26. f4 Nc6
27. a3 Ke7 28. Kf2 Kd7 29. Bb5 Kc7 30. Nf3 f6 31. Ke3 a6 32. Bd3 h6 33. Nd4 Bd7
34. Nxc6 Bxc6 35. Kd4 Kd7 36. Bf5+ Ke7 37. g3 Kf7 38. Bc2 Ke6 39. f5+ Kd7 40.
Bb3 Kc7 41. Bxd5 Ba4 42. Ke3 Bd7 43. Kf4 Ba4 44. Bf3 Bc2 45. Be4 Bd1 46. Ke3
Bb3 47. Kd4 Ba4 48. Kc3 b6 49. Kd4 Bd7 50. Bc2 Bc8 51. Kd5 bxc5 52. Kxc5 Bb7
53. Bb3 Be4 54. Bc4 Bb7 55. Bd3 Bc8 56. a4 Bb7 57. b5 axb5 58. axb5 Bf3 59. Bc4
Be4 60. b6+ Kb8 61. Be6 Bd3 62. Kc6 Be4+ 63. Kd6 Bd3 64. Ke7 Kb7 65. Kf7 Kxb6
66. Kxg7 Kc6 67. Kxf6 Kd6 68. Kg6 Ke7 69. Kxh6 Kf6 70. g4 Be4 71. g5+ 1-0

[Event "25. LSS No Engine Cup Preliminary 7"]
[Site "Lechenicher SchachServer"]
[Date "2010.07.22"]
[Round "?"]
[White "Segovia, Didier"]
[Black "Arango Marin, Sixto Gregorio"]
[Result "0-1"]
[WhiteElo "476"]
[BlackElo "851"]
[PlyCount "122"]
[EventDate "2010.07.23"]

1. e4 e5 2. Nf3 Nc6 3. c3 a6 4. d4 d6 5. d5 Na7 6. a4 h6 7. Be2 Nf6 8. Bd3 Bg4
9. O-O Be7 10. h3 Bh5 11. Nbd2 O-O 12. c4 c6 13. Be2 Bxf3 14. Bxf3 cxd5 15.
cxd5 Qc7 16. Nb3 b5 17. Nd2 Nh7 18. b3 Qc3 19. Ba3 Ng5 20. Rc1 Qa5 21. b4 Qxa4
22. Qxa4 bxa4 23. Nc4 Nxf3+ 24. gxf3 Nb5 25. Ra1 f5 26. Nb6 Rad8 27. Rfc1 Nd4
28. Rc7 Bg5 29. Nd7 Nxf3+ 30. Kf1 Rf7 31. Nf6+ Bxf6 32. Rac1 Nd2+ 33. Kg2 Nxe4
34. f3 Rxc7 35. Rxc7 Ng5 36. Rc6 e4 37. fxe4 Nxe4 38. Rxa6 Be5 39. b5 Nc5 40.
Ra5 Bc3 41. Ra7 Rd7 42. b6 Nb7 43. Bxd6 Rxd6 44. Rxb7 Rxd5 45. Rb8+ Kf7 46.
Rb7+ Kg6 47. Rc7 Rb5 48. Rxc3 Rxb6 49. Ra3 Ra6 50. Kg3 Kg5 51. Kf3 f4 52. Kf2
h5 53. Kf3 h4 54. Ke4 g6 55. Kf3 Kf5 56. Kf2 g5 57. Kf3 Ra5 58. Kf2 Ke4 59. Kg2
Kd4 60. Kf3 Kc4 61. Ke4 Kb4 0-1

[Event "25. LSS No Engine Cup Preliminary 7"]
[Site "Lechenicher SchachServer"]
[Date "2010.07.22"]
[Round "?"]
[White "Segovia, Didier"]
[Black "Tanti, Joseph"]
[Result "0-1"]
[WhiteElo "476"]
[BlackElo "1646"]
[PlyCount "44"]
[EventDate "2010.07.23"]

1. e4 e5 2. Nf3 Nc6 3. c3 Nf6 4. Bb5 Nxe4 5. Bxc6 dxc6 6. Nxe5 Bd6 7. Nxf7 Kxf7
8. Qf3+ Qf6 9. Qxf6+ Nxf6 10. O-O Re8 11. d4 Bg4 12. f3 Bf5 13. Bg5 Re2 14. Na3
Rxb2 15. Nc4 Re2 16. a3 Rae8 17. Be3 Bd3 18. Nxd6+ cxd6 19. Bf4 Nd5 20. Bxd6
Nxc3 21. Be5 R2xe5 22. Rfc1 Ne2+ 0-1